000 01000naa a22002777a 4500
001 BR9400172
003 BR-BrBNA
005 20240918181050.0
007 ta
008 230509b bl.||||| |||| 00| 0 por d
040 _aBR-BrBNA
_bpor
_cBiblioteca Nacional de Agricultura
041 _a(Pt)
072 _aN20; P06
_b4620
090 _aN20 BR9400172
100 1 _aVenanzi, D.
111 1 _a22. Congresso Brasileiro de Engenharia Agricola
_cIlheus, BA (Brazil)
_d19-23 Jul 1993
245 1 _aFontes alternativas de energia das maquinas termicas
260 3 _aIlheus, BA (Brasil):
_c1993.
500 _a22. Congresso Brasileiro de Engenharia Agricola. Anais Ilheus, BA (Brasil): 1993. v. 3 p. 1663-1675 (BR9400172-AM)N20
650 _aOleo Vegetal
650 _aGas
650 _aCombustivel
773 0 _t22. Congresso Brasileiro de Engenharia Agricola. Anais
_wN20 BR9400172
_gIlheus, BA (Brasil), 1993. v. 3 p. 1663-1675
909 _a202404
_bLucia
_c55
_dLucia Elande
942 _cAM
_2AGRIS
999 _c323461
_d323461